Podnikanie inšpirované prírodou

Podnikanie budúcnosti ako zodpovedné podnikanie, ktoré je výsledkom celosvetového úsilia o záchranu životných podmienok na našej planéte. Základné hodnotové orientácie firiem budúcnosti postavené na princípoch: princíp sociálnej spravodlivosti, princíp nenahraditeľnosti životného prostredia, princí...

Description complète

Enregistré dans:
Détails bibliographiques
Auteur principal: Foltínová, Alžbeta
Autres auteurs: Zajacová, Andrea, 1985-
Format: Chapitre de livre
Langue:slovaque
Sujets:
Tags: Ajouter un tag
Pas de tags, Soyez le premier à ajouter un tag!

MARC

LEADER 00000nla$a2200000$$$4500
001 0142385
005 20240502072542.7
041 0 |a slo 
044 |a SK 
245 1 0 |a Podnikanie inšpirované prírodou  |c Alžbeta Foltínová, Andrea Zajacová 
520 |a Podnikanie budúcnosti ako zodpovedné podnikanie, ktoré je výsledkom celosvetového úsilia o záchranu životných podmienok na našej planéte. Základné hodnotové orientácie firiem budúcnosti postavené na princípoch: princíp sociálnej spravodlivosti, princíp nenahraditeľnosti životného prostredia, princíp adaptácie a flexibility pre zapracovanie účinných spätných väzieb. Podnikanie inšpirované prírodou. Zodpovedné podnikanie. Podnikanie v období transformácie. Transformačný proces obchodných spoločností smerom k podnikaniu budúcnosti. 
610 2 0 |a podnikanie zodpovedné 
610 2 0 |a rozvoj trvalo udržateľný 
610 2 0 |a ochrana prostredia životného 
610 2 0 |a etika 
610 2 0 |a morálka 
610 2 0 |a politika sociálna 
610 2 0 |a spravodlivosť sociálna 
610 2 0 |a flexibilita 
610 2 0 |a transformácia 
100 1 |a Foltínová, Alžbeta 
700 1 |a Zajacová, Andrea, 1985-